Les Présidents de la République Tunisienne : De l'Indépendance à Aujou - Statistiques

Statistiques générales
  • Ce quiz a été pris 55 fois
  • Le résultat moyen est 4 sur 7
Statistiques - réponses
% Correct
1 Habib Bourguiba
91%
2 Zine El Abidine Ben Ali
91%
7 Kais Saied
74%
4 Moncef Marzouki
56%
5 Béji Caïd Essebsi
33%
3 Fouad Mebazaa
26%
6 Mohamed Ennaceur
7%
Aucun quiz correspondant
Distribution des résultats
% des personnes avec chaque résultat
Percentile par nombre de réponses
Votre historique - résultats
Vous n’avez pas pris ce quiz